Dôsledky monokultúrneho poľnohospodárstva v banánových republikách diplomová práca

Na minha lista:
Detalhes bibliográficos
Autor principal: Kupková, Nina
Autor Corporativo: Fakulta medzinárodných vzťahov EU. Katedra medzinárodných ekonomických vzťahov a hospodárskej diplomacie
Outros Autores: Janubová, Barbora, 1991-
Formato: Livro
Idioma:eslovaco
Publicado em: Bratislava 2025
Tags: Adicionar Tag
Sem tags, seja o primeiro a adicionar uma tag!

MARC

LEADER 00000nbm a2200000 4500
001 0309532
005 20260115134442.5
041 0 |a slo 
044 |a SK 
245 1 0 |a Dôsledky monokultúrneho poľnohospodárstva v banánových republikách  |b diplomová práca  |c Nina Kupková ; školiteľ: Barbora Janubová 
264 1 |a Bratislava  |c 2025 
300 |a 80 s. 
100 1 |a Kupková, Nina 
700 1 |a Janubová, Barbora, 1991- 
710 2 |a Fakulta medzinárodných vzťahov EU. Katedra medzinárodných ekonomických vzťahov a hospodárskej diplomacie